<?xml version="1.0" encoding="UTF-8"?>
<record
    xmlns:xsi="http://www.w3.org/2001/XMLSchema-instance"
    xsi:schemaLocation="http://www.loc.gov/MARC21/slim http://www.loc.gov/standards/marcxml/schema/MARC21slim.xsd"
    xmlns="http://www.loc.gov/MARC21/slim">

  <leader>01496nam a22001697a 4500</leader>
  <controlfield tag="008">190311b        xxu||||| |||| 00| 0 eng d</controlfield>
  <datafield tag="022" ind1=" " ind2=" ">
    <subfield code="a">0304-405X</subfield>
  </datafield>
  <datafield tag="245" ind1=" " ind2=" ">
    <subfield code="a">The consequences of managerial indiscretions: Sex, lies, and firm value / by Brandon N. Cline, Ralph A. Walkling &amp; Adam S. Yore </subfield>
    <subfield code="c">Brandon N. Cline, Ralph A. Walkling &amp; Adam S. Yore</subfield>
  </datafield>
  <datafield tag="260" ind1=" " ind2=" ">
    <subfield code="a">Amsterdam</subfield>
    <subfield code="b">Elsevier </subfield>
    <subfield code="c">February 2018</subfield>
  </datafield>
  <datafield tag="300" ind1=" " ind2=" ">
    <subfield code="a">Pages 389-415</subfield>
  </datafield>
  <datafield tag="440" ind1=" " ind2=" ">
    <subfield code="a">Journal of Financial Economics</subfield>
    <subfield code="v">127 (2)</subfield>
    <subfield code="x">0304-405X</subfield>
  </datafield>
  <datafield tag="500" ind1=" " ind2=" ">
    <subfield code="a">Abstract
Personal managerial indiscretions are separate from a firm's business activities but provide information about the manager's integrity. Consequently, they could affect counterparties&#x2019; trust in the firm and the firm's value and operations. We find that companies of accused executives experience significant wealth deterioration, reduced operating margins, and lost business partners. Indiscretions are also associated with an increased probability of unrelated shareholder-initiated lawsuits, Department of Justice and Securities and Exchange Commission investigations, and managed earnings. Further, chief executive officers and boards face labor market consequences, including forced turnover, pay cuts, and lower shareholder votes at re-election. Indiscretions occur more often at poorly governed firms where disciplinary turnover is less likely.</subfield>
  </datafield>
  <datafield tag="690" ind1=" " ind2=" ">
    <subfield code="a">Managerial indiscretions</subfield>
  </datafield>
  <datafield tag="690" ind1=" " ind2=" ">
    <subfield code="a">Management quality</subfield>
  </datafield>
  <datafield tag="690" ind1=" " ind2=" ">
    <subfield code="a">Earnings management</subfield>
  </datafield>
  <datafield tag="942" ind1=" " ind2=" ">
    <subfield code="2">lcc</subfield>
    <subfield code="c">SE</subfield>
  </datafield>
  <datafield tag="999" ind1=" " ind2=" ">
    <subfield code="c">361340</subfield>
    <subfield code="d">361340</subfield>
  </datafield>
  <datafield tag="952" ind1=" " ind2=" ">
    <subfield code="0">0</subfield>
    <subfield code="1">0</subfield>
    <subfield code="2">lcc</subfield>
    <subfield code="4">0</subfield>
    <subfield code="a">CL</subfield>
    <subfield code="b">CL</subfield>
    <subfield code="c">PER</subfield>
    <subfield code="d">2019-03-11</subfield>
    <subfield code="l">0</subfield>
    <subfield code="r">2019-03-11 00:00:00</subfield>
    <subfield code="w">2019-03-11</subfield>
    <subfield code="y">SE</subfield>
  </datafield>
</record>
